mysqli: Table './ulib62015/stat_globaluid' is marked as crashed and should be repaired
select id from stat_globaluid where statuid='20260517124823_4832'
mysqli: Table './ulib62015/stat_globaluid' is marked as crashed and should be repaired
DELETE FROM stat_globaluid
WHERE id NOT IN (
SELECT id
FROM (
SELECT id
FROM stat_globaluid
ORDER BY id DESC
LIMIT 100
) foo
);
mysqli: Table './ulib62015/stat_globaluid' is marked as crashed and should be repaired
insert into stat_globaluid set
statuid='20260517124823_4832',
dt='1778996903',
phpself='/ULIB62015/dublinfull.php',
agent='Mozilla/5.0 AppleWebKit/537.36 (KHTML, like Gecko; compatible; ClaudeBot/1.0; +claudebot@anthropic.com)',
yea='2026',
mon='5',
dat='17',
ip='216.73.216.45'
mysqli: Table './ulib62015/stathist_viewbib_bib_type' is marked as crashed and should be repaired
insert into stathist_viewbib_bib_type set
dat='17' ,
mon='05' ,
yea='2026' ,
statuid='20260517124823_4832' ,
head='13399120123' ,
foot='marc' ,
dt='1778996903'
| LEADER : 00000nam 2200000uu 4500 |
| 001 13399120123 |
| 003 ULIB |
| 008 121024s||||||||th 000 0 tha d |
| 020 ^a9786165141987
|
| 050 4 ^aQK99^bร166
|
| 100 0 ^aรวิภา เดชาชาญ
|
| 245 10 ^aว่านยารักษาโรค /^cรวิภา เดชาชาญ
|
| 260 ^aกรุงเทพฯ :^bไทยควอลิตี้บุ๊คส์,^c2554
|
| 300 ^a927 หน้า :^bภาพประกอบ
|
| 650 7 ^aว่าน
|
| 650 7 ^aพืชสมุนไพร^zไทย
|
| 945 ^p160^l0^i018357
|
| 945 ^p0^l0^i018356
|
| 945 ^p0^l0^i018355
|
| 945 ^p0^l0^i018354
|
| 945 ^p0^l0^i018353 |
| 999 ^aยมมะณา จันทร์ฉิม
|
| คุณยังไม่ได้ล็อกอิน คุณสามารถมีกิจกรรมร่วมกับเว็บไซต์ได้ แต่ต้องล็อกอินก่อน :: |
|
|
|
รายการใกล้เคียง
หัวเรื่อง [ว่าน]
|
|
ยังไม่เคยถูกคอมเมนท์
|
| คอมเมนท์ทรัพยากรรายการนี้ |
|